Creating wisdom and knowledge through shared learning : (Record no. 78248)

MARC details
000 -LEADER
fixed length control field 01164nam a22002537a 4500
005 - DATE AND TIME OF LATEST TRANSACTION
control field 20130816112104.0
010 ## - LCCN (DPL NO)
LC control number ENG-108251
020 ## - INTERNATIONAL STANDARD BOOK NUMBER
Terms of availability 1800.00
International Standard Book Number 9789380574400
035 ## - SYSTEM CONTROL NUMBER
System control number EN-91784
037 ## - SOURCE OF ACQUISITION
Source of stock number/acquisition DBAD/PUB
245 ## - TITLE STATEMENT
Title Creating wisdom and knowledge through shared learning :
Statement of responsibility, etc edited by Akhtar Parvez, R. Venkata Kesavan [and] Jitender Sharma.
Remainder of title role of librarians and information managers : conference papers /
260 ## - PUBLICATION, DISTRIBUTION, ETC. (IMPRINT)
Place of publication, distribution, etc Delhi
Name of publisher, distributor, etc Bookwell
Date of publication, distribution, etc 2013
270 ## - ADDRESS
Address 3/79, Nirankari Colony,
City Delhi
Postal code 110009
300 ## - PHYSICAL DESCRIPTION
Extent xiv,514p. :
Dimensions 28cm(pbk)
Other physical details ill.
500 ## - GENERAL NOTE
General note "MANLIBNET 2012, Indian Institute of Management Indore, 11-13 October 2012."
500 ## - GENERAL NOTE
General note Includes statistical tables.
500 ## - GENERAL NOTE
General note Includes bibliographical references and index.
520 ## - SUMMARY, ETC.
Summary, etc Contributed articles presented at the International Conference on Creating Wisdom and Knowledge through Shared Learning: Roles of Librarians and Information Managers, held during October 11-13, 2012, at IIM Indore.
700 ## - ADDED ENTRY--PERSONAL NAME
Personal name Akhtar Parvez
700 ## - ADDED ENTRY--PERSONAL NAME
Personal name Kesavan, Venkata
700 ## - ADDED ENTRY--PERSONAL NAME
Personal name Sharma, Jitender
710 ## - ADDED ENTRY--CORPORATE NAME
Corporate name or jurisdiction name as entry element Indian Institute of Management, Indore.
942 ## - ADDED ENTRY ELEMENTS (KOHA)
Source of classification or shelving scheme Dewey Decimal Classification
Item type English Books
Call number suffix CRE
Holdings
Withdrawn status Lost status Not for loan Collection code Home library Current library Date acquired Source of acquisition Cost, normal purchase price Full call number Barcode Copy number Cost, replacement price Koha item type
    Not For Loan Non-fiction D.B.Act.Division D.B.Act.Division 31/07/2013 DBAD/PUB 1800.00 CRE EN-91784 1 1800.00 English Books

© Delhi Public Library
Hit Counter
free hit counter